[Event "Chesscup Blitz 2020"]
[Site "Katowice"]
[Date "2020.09.12"]
[Round "11.4"]
[White "Klekowski, Maciej"]
[Black "Socko, Bartosz"]
[Result "1-0"]
[WhiteElo "2511"]
[BlackElo "2601"]
[Annotator "TA"]
[PlyCount "113"]
[EventDate "2020.09.12"]
[EventType "swiss"]
[EventCountry "POL"]
[SourceTitle "playchess.com"]
[Source "ChessBase"]
[SourceQuality "1"]

{[%evp 12,113,-10,-17,0,0,-4,-8,6,-17,0,-27,10,-6,0,0,5,-3,0,0,0,0,0,0,5,0,10,-12,29,13,22,30,65,45,48,44,109,108,110,110,122,117,119,106,124,92,125,121,137,139,174,159,196,203,449,451,396,145,539,512,462,415,522,268,280,0,550,527,1070,1058,994,983,1150,1141,1045,1015,1150,1015,944,1029,1029,1014,828,905,826,824,4570,1615,1482,1055,1055,1040,951,940,1025,934,922,921,892,848,742,642,29979,29980]} 1. c4 e5 2. g3 Nf6 3. Nc3 Bb4 4. Bg2 O-O 5. e4 Bxc3 6. dxc3 d6 7. Qe2 Be6 {A22: English Opening: 1...e5 2 Nc3 Nf6.} 8. Nf3 h6 9. O-O Qd7 {[#] The position is equal.} 10. Rd1 $146 ({Predecessor:} 10. Nh4 Nc6 11. Be3 g5 12. Qf3 Ng4 13. Nf5 Bxf5 14. exf5 Nf6 15. g4 e4 16. Qh3 {½-½ (48) Palin,D (2145)-Borisovsky,V (2152) Saratov 2013}) 10... Nc6 11. Nd2 Rae8 12. Nf1 Qc8 13. Ne3 Ne7 14. Nd5 {Hoping for Nxf6+.} Nfxd5 15. cxd5 Bh3 16. c4 Bxg2 17. Kxg2 f5 18. f3 f4 19. b4 c5 20. bxc5 Qxc5 21. a4 fxg3 22. Ba3 Qc7 $1 23. c5 Nc8 (23... Ng6 $1 $14 24. hxg3 dxc5) 24. cxd6 $16 ({Of course not} 24. hxg3 $6 dxc5 25. Qc4 Qf7 $11) 24... Nxd6 25. Rac1 $36 {[%mdl 2048] White is really pushing.} ({Much worse is} 25. Kxg3 $6 Rf6 $11) 25... Qd7 {White should prevent ...gxh2.} 26. hxg3 Rf6 27. Bxd6 Qxd6 28. Rd3 Qa6 29. Qc2 Ref8 30. Qc4 Qd6 31. Qc5 $1 Qa6 {[#]} 32. Qb5 $1 R8f7 $2 (32... Qxb5 33. axb5 g5) 33. Qxa6 $18 Rxa6 {[%mdl 4096] Endgame [#] KRR-KRR} 34. Rc4 $2 (34. f4 $1 $18 {[%mdl 512] and the rest is easy.}) 34... Rd7 $2 {[%mdl 8192]} (34... g5 $16 {is more resistant.} 35. g4 Kf8) 35. f4 exf4 36. gxf4 Rg6+ 37. Rg3 Rb6 38. Rd3 $2 (38. Rd4 $18) 38... Rbd6 $2 {[%mdl 8192]} (38... Rg6+ $1 $11 {and Black is okay.} 39. Kf3 Rgd6) 39. Rcd4 Rc7 40. e5 Rd8 41. d6 Rc2+ 42. Kf3 Kf7 43. f5 Rc5 44. Ke4 Re8 45. Rd5 Rc4+ 46. R3d4 Rc1 47. e6+ Kf6 48. e7 Rcc8 49. Kf3 (49. Kf4 $142 Ra8 50. d7 Rxe7 51. d8=Q Rxd8 52. Rxd8 g5+ 53. fxg6 Kxg6 54. R4d6+ Kf7 55. Rxh6) 49... Rb8 50. d7 Rxe7 51. d8=Q Rxd8 52. Rxd8 Kxf5 53. R8d7 Re1 54. Rxg7 Rf1+ {[#]} 55. Ke2 $1 Rb1 56. Rd5+ Ke4 {[#]} 57. Rb5 $1 {Accuracy: White = 77%, Black = 50%.} 1-0

[Event "Chesscup Blitz 2020"]
[Site "Katowice"]
[Date "2020.09.12"]
[Round "11.5"]
[White "Jarmula, Lukasz"]
[Black "Miton, Kamil"]
[Result "0-1"]
[WhiteElo "2244"]
[BlackElo "2590"]
[Annotator "TA"]
[PlyCount "82"]
[EventDate "2020.09.12"]
[EventType "swiss"]
[EventCountry "POL"]
[SourceTitle "playchess.com"]
[Source "ChessBase"]
[SourceQuality "1"]

{[%evp 16,82,0,0,0,-16,-11,-25,0,-35,-19,-29,-6,-10,0,0,0,0,3,-17,0,0,0,-14,0,0,0,-9,-9,-9,-9,-35,-42,-54,-54,-113,-12,-52,-52,-52,-52,-52,-52,-52,-52,-59,-59,-59,-59,-59,-59,-59,-59,-59,-52,-52,-52,-52,-52,-52,-52,-1379,-1371,-1363,-1325,-1268,-1129,-1299,-1249]} 1. c4 e5 2. Nc3 Nc6 3. g3 f5 4. Bg2 Nf6 5. d3 Bb4 6. Nf3 d6 7. O-O Bxc3 8. bxc3 O-O 9. Rb1 Qe8 {A25: English Opening vs King's Indian with ...Nc6 but without early d3.} 10. Bg5 b6 $5 {[%mdl 4] Exploring less charted territory.} 11. Ne1 Bd7 {Black has an edge.} 12. Nc2 {[#]} Rb8 $146 ({Predecessor:} 12... Rc8 13. Ne3 Nh5 14. Nd5 {½-½ (14) Meissner,R (2057)-Herzog,K (1890) GER email 2011}) 13. Nb4 Nxb4 14. cxb4 f4 15. e3 h6 16. Bxf6 $1 Rxf6 17. d4 fxe3 18. fxe3 Rxf1+ 19. Qxf1 Qe7 20. Qd3 Rf8 21. Rf1 Rxf1+ 22. Bxf1 exd4 23. Qxd4 c5 24. Qd5+ Qe6 25. bxc5 (25. Qxe6+ $15 Bxe6 26. bxc5) 25... bxc5 ({Better is} 25... Qxd5 $17 26. cxd5 bxc5) 26. Bg2 Qxd5 27. Bxd5+ $15 {[%mdl 4096] Endgame KB-KB} Kf8 28. Kf2 Ke7 29. Kf3 Kf6 30. h4 Ke5 31. Ke2 Bf5 32. Kf3 Bd3 33. Bg8 Be4+ 34. Ke2 g5 35. hxg5 hxg5 36. Kd2 Bc6 37. Bh7 Bd7 38. Kc3 $2 {[%mdl 8192] [#] Loses the game.} (38. a3 $15) 38... Bf5 $1 $19 {Black is clearly winning.} 39. Bg8 Ke4 40. Kd2 Kf3 41. Bd5+ Kxg3 {Accuracy: White = 71%, Black = 90%.} 0-1

[Event "Chesscup Blitz 2020"]
[Site "Katowice"]
[Date "2020.09.12"]
[Round "11.6"]
[White "Flak, Pawel"]
[Black "Krasenkow, Michal"]
[Result "1-0"]
[WhiteElo "2157"]
[BlackElo "2605"]
[Annotator "TA"]
[PlyCount "99"]
[EventDate "2020.09.12"]
[EventType "swiss"]
[EventCountry "POL"]
[SourceTitle "playchess.com"]
[Source "ChessBase"]
[SourceQuality "1"]

{[%evp 14,99,0,-10,-20,-20,-14,0,0,-14,0,-4,0,-2,19,18,41,13,59,0,29,0,0,0,4,0,29,27,46,12,161,129,133,140,140,0,0,0,0,-87,0,0,0,0,20,25,224,187,302,302,478,447,811,783,803,658,629,587,483,297,283,261,239,219,277,276,1290,1255,802,1944,1659,1659,995,277,12798,29959,11816,5666,12840,5608,29985,29986,29986,29987,29990,29990,29994,29995]} 1. d4 d5 2. Nf3 c6 3. g3 Nf6 4. Bg2 Bf5 5. O-O h6 6. c4 e6 7. Qb3 Qb6 8. c5 {8.Nc3 is the modern continuation.} Qxb3 {D11: Slav Defence: 3 Nf3 sidelines and 3...Nf6 4 e3 Bg4.} 9. axb3 Nbd7 10. b4 a6 {The position is equal.} 11. Nbd2 Be7 12. Nb3 {[#]} Bd8 $146 ({Predecessor:} 12... g5 13. Na5 Rb8 14. Re1 Ne4 15. Nd2 Bf6 16. Ndb3 Bg7 17. f3 Nef6 18. e4 Bg6 {1-0 (35) Zemerov,V (2341)-Bartos,J (2227) Marianske Lazne 2008}) 13. Na5 Bxa5 14. bxa5 Ne4 15. h3 e5 16. e3 ({White should try} 16. dxe5 $14 Nexc5 17. Nd4) 16... g5 17. g4 Bg6 18. b4 $36 {[%mdl 2048] White has some pressure.} exd4 19. Nxd4 h5 20. f3 Nef6 21. Bb2 Ke7 (21... O-O-O $11 {and Black stays safe.}) 22. f4 hxg4 23. fxg5 Ne4 {[#]} 24. Nf5+ ({Not} 24. hxg4 Rh4 $11) (24. Bxe4 $1 $16 Bxe4 25. Nf5+ {[%mdl 64] Discovered Attack} Bxf5 26. Bxh8) 24... Bxf5 $1 $11 25. Rxf5 {Strongly threatening Bxe4.} Ng3 26. Rf2 (26. Rf4 $11 {remains equal.} gxh3 27. Bxh8 Ne2+ 28. Kf2 Nxf4 29. exf4 Rxh8 30. Rh1) 26... Rh4 (26... gxh3 $17 {[%cal Rh3h2]} 27. Kh2 hxg2+ 28. Kxg3 Rh5) 27. Kh2 $1 {[%cal Rh2g3]} Nh5 {...g3+ is the strong threat.} 28. Rf5 gxh3 29. Bxh3 Rxb4 $2 {White stays focused until the end.} (29... Rg8 $11) 30. Bd4 $18 Rg8 (30... Rc4 {was necessary.}) 31. Raf1 Rf8 (31... f6 $142 32. gxf6+ Nhxf6) 32. Bg4 Rxd4 (32... Nhf6 $142 33. gxf6+ Kd8) 33. exd4 Ng7 34. Re1+ Kd8 35. Rf3 f5 36. gxf6 Nxf6 37. Kg2 Nge8 {Black wants to play ...Rg8.} 38. Bf5 Rg8+ 39. Kf2 Ng4+ $2 (39... Nc7 40. Ke2 Re8+ 41. Re3 Rg8) 40. Bxg4 {[%mdl 64] Overworked Piece} Rxg4 {[%mdl 4096] Endgame [#] KRR-KRN} 41. Rf8 $1 Re4 42. Rxe4 dxe4 {KR-KN} 43. Ke3 $2 (43. Ke2 Ke7 44. Rh8) 43... Kd7 $2 (43... Ke7 44. Rf2 Nc7 45. Kxe4 Nb5) 44. Kxe4 Ke7 45. Rh8 Nf6+ 46. Kf5 Nd7 47. Rh7+ {White mates.} Kd8 48. Rg7 Kc8 49. Ke6 Nb8 50. Kd6 {Accuracy: White = 73%, Black = 39%.} 1-0

[Event "Chesscup Blitz 2020"]
[Site "Katowice"]
[Date "2020.09.12"]
[Round "11.7"]
[White "Lewicki, Miroslaw"]
[Black "Sadzikowski, Daniel"]
[Result "1/2-1/2"]
[WhiteElo "2348"]
[BlackElo "2413"]
[Annotator "TA"]
[PlyCount "175"]
[EventDate "2020.09.12"]
[EventType "swiss"]
[EventCountry "POL"]
[SourceTitle "playchess.com"]
[Source "ChessBase"]
[SourceQuality "1"]

{[%evp 10,175,14,6,15,4,3,-8,-18,-34,-22,-23,-20,-32,-20,-31,-36,-20,-47,-73,-41,-40,-23,-149,-47,-52,-60,-47,-28,-121,0,-16,0,0,54,63,51,0,81,65,126,125,131,110,113,107,128,111,119,116,122,116,131,127,144,130,143,46,63,0,18,0,119,32,51,0,143,0,0,-16,57,0,0,0,21,16,68,0,47,-12,49,0,0,-24,23,20,87,-105,-7,-131,-137,-137,0,0,0,-145,-15,-133,-96,-89,-32,-15,-16,-31,0,-106,-86,-93,-79,-117,-61,-64,-68,-137,-122,-190,0,0,0,0,0,0,18,-249,-250,-421,-421,-414,-406,-406,-406,-1198,-1198,-1176,-853,-777,-470,-29961,-29962,-4930,-8,-8,0,-41,-8,-8,0,0,0,0,0,0,0,0,0,0,0,0,0,0,0,0,0,0,0,0,0,0]} 1. e4 e5 2. Nf3 Nc6 3. Bc4 Bc5 4. O-O Nf6 5. d3 d6 6. a3 h6 {C50: Hungarian Defence and Giuoco Pianissimo.} 7. c3 O-O 8. b4 Bb6 9. h3 {[#]} Ne7 $146 {[%cal Bc6e7,Be7g6,Bg6f4][%mdl 32]} ({Predecessor:} 9... Be6 10. Nbd2 a6 11. Bb2 Ne7 12. Bxe6 fxe6 13. d4 exd4 14. Nxd4 Qd7 15. Qb3 d5 {0-1 (45) Bosch Ricart,J (1680)-Guiu Mesa,J (1438) Llinars del Valles 2016}) 10. Bb3 a5 11. Nbd2 axb4 12. cxb4 Ng6 13. Nc4 Ba7 14. Kh2 Bd7 15. Bb2 Nf4 16. d4 (16. a4 $11) 16... exd4 (16... Nxe4 $17 17. Ncd2 Ng5 18. dxe5 d5) 17. Bxd4 $15 Bxd4 18. Qxd4 Bc6 (18... Qc8 $5 {[%cal Rd7h3]} 19. Ng1 Be6 $15) 19. Rfe1 (19. Bc2 $11) 19... Re8 (19... Ne6 $1 $17 {[%cal Re6d4]} 20. Qc3 Bxe4) 20. Bc2 $11 Ng6 21. Na5 Nd7 (21... Bd7 $11) 22. Qc3 Qf6 23. Re3 {[#]} (23. Qxf6 $14 Nxf6 24. Nxc6 bxc6 25. a4) 23... Qxc3 (23... Bxe4 $1 $11 {[%mdl 512]} 24. Rae1 (24. Bxe4 Rxe4) 24... d5) 24. Rxc3 $16 Nb8 (24... Bxe4 $14 25. Bxe4 Rxe4) 25. Nd4 Ne7 26. f3 Rc8 27. Bb3 Ra7 28. Rac1 $1 Kf8 29. Bd1 Ra8 30. Be2 Ke8 31. Kg3 Kd8 32. Kf2 Ra7 33. Ke3 (33. Bb5 $16) 33... Bd7 $14 34. Bc4 (34. Nc4 $1 $14) 34... Be8 35. Be6 Nd7 (35... fxe6 $11 36. Nxe6+ Kd7 37. Nxc7 Nbc6) 36. Bb3 (36. a4 $16) 36... Nb8 37. Be6 (37. Rd1 $14) 37... Nd7 $16 38. Rb3 (38. a4 $1 $16) 38... Rb8 39. Bc4 c6 (39... Nf8 $11) 40. Bd3 ({White should play} 40. Be2 $14) 40... Ne5 $11 41. f4 Nxd3 42. Rxd3 (42. Kxd3 c5 $15) 42... Bd7 (42... d5 $11) 43. Nf3 (43. Nc4 $14) 43... Kc7 44. Rcd1 (44. Kf2 $14) 44... Nc8 (44... d5 $11) 45. Nc4 (45. Kf2 $14) 45... Be6 46. Nb2 ({Much worse is} 46. Nxd6 Nxd6 47. Rxd6 Bd5 $17) 46... Rba8 47. f5 Bd7 (47... Ba2 $11) 48. e5 $2 (48. a4 $16) 48... d5 (48... Rxa3 $17 49. g4 g6 50. fxg6 fxg6 51. exd6+ Nxd6) 49. Ra1 (49. a4 $1 $11 {was the only way to keep the balance.}) 49... Bxf5 $17 50. Rc3 Be6 (50... f6 $1 $17 51. g4 Bh7) 51. Nd4 $11 Kd7 52. b5 {[#]} (52. a4 $1 $11) 52... Ne7 ({Black should try} 52... c5 $1 $17 {[%cal Rc5d4][%mdl 512]} 53. Rxc5 Rxa3+ 54. Rxa3 Rxa3+ 55. Ke2 Ne7) 53. a4 (53. Nd3 $1 $11) 53... cxb5 54. Nxb5 {[#]} Ra6 (54... Nc6 $1 $17 55. Rxc6 Kxc6 56. Rc1+ Kd7 57. Nxa7 Rxa7) 55. Rc7+ $15 {[%mdl 64] Double Attack} Kd8 56. Rxb7 Nc6 57. Nd3 (57. Nc7 $11 {keeps the balance.} R6a7 58. Rxa7 Rxa7 59. Nxe6+ fxe6 60. Nd3) 57... Rxa4 $17 58. Rxa4 Rxa4 59. Nc5 Rc4 (59... Rb4 $17 {...d4+ is the strong threat.} 60. Na7 d4+ 61. Ke4 Rxb7 62. Nxc6+ Kc7 63. Nxb7 d3 64. Kxd3 Kxc6 65. Na5+ Kd5) 60. Nxe6+ $15 fxe6 {[%mdl 4096] Endgame KRN-KRN} 61. Nd6 (61. Rxg7 $15 Nxe5 62. Nd4) 61... Rc3+ $17 62. Kf4 (62. Kf2 $17) 62... d4 $2 (62... g5+ $19 63. Kg4 Nxe5+ 64. Kh5 Rg3) 63. Rxg7 $11 d3 64. Rg8+ Kd7 65. Rg7+ Ne7 66. Ne4 $2 {[%mdl 8192] [#]} (66. Ke3 $11 {and White stays safe.}) 66... Rc4 $1 $19 {Strongly threatening ...d2.} 67. Ke3 $2 {[#]} (67. Rg3 Rd4 68. Rxd3 Nd5+ 69. Kg4 Rxe4+ 70. Kh5) 67... Rxe4+ $1 {[%mdl 576] Double Attack} 68. Kxd3 (68. Kxe4 d2) 68... Rxe5 {KRN-KR} 69. g4 h5 70. g5 (70. Kc4 $142) 70... Ke8 71. h4 Rf5 {( -> ...Rf7)} 72. Rh7 Kf8 73. Rxh5 (73. Rh6 $19 Rf4 74. Rxh5) 73... Kg7 74. Rh6 Nd5 $2 ({Better is} 74... Ng6 $19 {Threatens to win with ...Rf4.} 75. Ke3 Rf1) 75. Rxe6 $11 Rf1 {And now ...Nf4+ would win.} 76. Rd6 (76. Ke4 {looks sharper.} Nc3+ 77. Kd3 Na4 78. Rh6 Rf5 79. Ke4) 76... Nf4+ (76... Ne7 $5 {[%cal Rf1d1]} 77. Ra6 Rh1 $11) 77. Ke4 {The position is equal.} Ng6 78. h5 Ne7 79. Rd7 Kf8 80. Ra7 Rh1 81. h6 Kf7 82. Kf4 Rf1+ 83. Kg4 Rg1+ 84. Kh5 Rh1+ 85. Kg4 Ke6 86. Ra6+ Kf7 87. Ra7 Rg1+ 88. Kh5 {Black had all chances to win. Accuracy: White = 51%, Black = 61%.} 1/2-1/2

[Event "Chesscup Blitz 2020"]
[Site "Katowice"]
[Date "2020.09.12"]
[Round "11.8"]
[White "Zgadzaj, Rafal"]
[Black "Barski, Radoslaw"]
[Result "1/2-1/2"]
[WhiteElo "2083"]
[BlackElo "2446"]
[Annotator "TA"]
[PlyCount "99"]
[EventDate "2020.09.12"]
[EventType "swiss"]
[EventCountry "POL"]
[SourceTitle "playchess.com"]
[Source "ChessBase"]
[SourceQuality "1"]

{[%evp 19,99,29,31,6,12,-64,-31,-68,-68,-92,-16,-71,-69,-76,-67,-82,-75,-68,-68,-72,-70,-68,-72,-226,-210,-219,-218,-349,-325,-317,-125,-139,-125,-141,-116,-144,-59,-173,-173,-164,-182,-168,-148,-141,-7,-7,0,0,7,7,118,72,166,75,650,122,313,312,290,315,308,278,558,510,475,297,577,575,585,565,566,565,533,0,357,0,496,0,314,0,441,0]} 1. c4 Nf6 2. g3 g6 3. Bg2 Bg7 4. Nc3 O-O 5. Nf3 d6 6. O-O e5 7. d3 Nc6 8. Rb1 a5 9. a3 Nd4 10. Nxd4 exd4 11. Nd5 {A26: English Opening vs King's Indian with ...Nc6 and d3.} Nd7 {[#]} 12. e4 $146 (12. b4 $11) ({Predecessor:} 12. b4 axb4 13. axb4 c6 14. Nf4 Nb6 15. Qc2 Bd7 16. Bd2 Re8 17. Rfe1 Qc7 18. Bf3 Bf5 {½-½ (32) Galego,L (2454)-Vocaturo,D (2578) Barcelona 2015}) 12... a4 13. Bd2 {Black is slightly better.} Nc5 14. Bb4 c6 (14... Nb3 $17) 15. Nf4 (15. Bxc5 $1 $11 dxc5 16. Nf4) 15... Nb3 $1 $17 16. Ne2 c5 17. Be1 Bd7 18. Nc1 Nxc1 19. Qxc1 b5 20. b4 axb3 $1 21. Rxb3 $2 (21. cxb5 $17 Bxb5 22. Rxb3) 21... bxc4 $19 22. dxc4 Be6 23. e5 (23. Bd2 $142) 23... Ra4 ({Not} 23... Bxe5 24. Bxa8 Qxa8 25. f4 $19) (23... dxe5 $2 24. Rb5 $19) 24. Bd5 Bh3 $2 (24... Bxe5 25. Bxe6 fxe6 26. Bd2 $19) (24... Bxd5 $19 25. cxd5 Bxe5) 25. exd6 $17 Bxf1 26. Kxf1 Qxd6 27. Rb7 Raa8 {[#]} (27... Qa6 $17 28. Rb3 Qc8) 28. Bd2 (28. Rxf7 $1 $15 {[%mdl 512]} Rxf7 29. Bxa8) 28... Rab8 $19 29. Bf4 Be5 30. Bh6 {[#]} Rxb7 $1 31. Bxf8 {[#]} Kxf8 (31... Qb8 $1 $17 {Hoping for ...Rb1.} 32. Bxb7 Qxb7) 32. Bxb7 $11 Qb6 33. Bd5 Qb3 34. Qh6+ Ke7 (34... Kg8 $11) 35. Qg5+ f6 (35... Bf6 $16 36. Qf4 Qb1+ 37. Kg2 Qb6) 36. Qg4 (36. Qh6 $18 {is more deadly.}) 36... f5 $2 {[%mdl 8192]} (36... Qb1+ $16 37. Kg2 Qf5) 37. Qg5+ $2 (37. Qh4+ $18 {and the rest is easy.} Ke8 38. Bc6+ Kf8 39. Qd8+ Kf7 40. Qe8+ Kf6 41. Qf8+ Kg5 42. Kg2 Bxg3 43. hxg3) 37... Bf6 $2 (37... Ke8 $16 {is a better defense.}) 38. Qh6 $18 d3 39. Qxh7+ Kd6 {...d2 is the strong threat.} 40. Qxg6 {[%mdl 64] Double Attack} Qb1+ $2 {[#]} (40... Qb2 41. Kg2 (41. Qxf5 Qe2+ 42. Kg2 Bd4 $18) 41... d2) 41. Kg2 $1 Qb2 42. Qf7 d2 $2 (42... Qe5 43. Qf8+ Qe7 44. Qb8+ Kd7 45. Qb7+ Kd8 46. Qb8+ Kd7 47. Qb5+ Kc8) 43. Qe6+ {[%mdl 64] Double Attack} Kc7 44. Qc6+ Kd8 45. Qd6+ Kc8 46. Qc6+ Kd8 47. Qd6+ ({Don't do} 47. Qxc5 Qd4 $18) 47... Kc8 $1 48. Qc6+ Kd8 49. Qd6+ (49. Bf3 $142) 49... Kc8 $1 50. Qc6+ $2 {White used his chance. Accuracy: White = 41%, Black = 48%.} ({White should try} 50. Qxc5+ $18 Kd8 51. Qd6+ Ke8 52. Bc6+ Kf7 53. Qd7+ Kg6 54. Bf3) 1/2-1/2

[Event "Chesscup Blitz 2020"]
[Site "Katowice"]
[Date "2020.09.12"]
[Round "11.9"]
[White "Walter, Szymon"]
[Black "Goraj, Barbara"]
[Result "1-0"]
[WhiteElo "2227"]
[BlackElo "2078"]
[Annotator "ChessBase"]
[PlyCount "105"]
[EventDate "2020.09.12"]
[EventType "swiss"]
[EventCountry "POL"]
[SourceTitle "playchess.com"]
[Source "ChessBase"]
[SourceQuality "1"]
[TimeControl "180+2"]

1. e4 {[%emt 0:00:00]} c5 {[%emt 0:00:00]} 2. Nc3 {[%emt 0:00:01]} Nc6 {[%emt 0:00:00]} 3. f4 {[%emt 0:00:02]} g6 {[%emt 0:00:02]} 4. Nf3 {[%emt 0:00:01]} Bg7 {[%emt 0:00:01]} 5. Bb5 {[%emt 0:00:02]} Nd4 {[%emt 0:00:15]} 6. O-O {[%emt 0:00:03]} a6 {[%emt 0:00:05]} 7. Bc4 {[%emt 0:00:01]} e6 {[%emt 0:00:01]} 8. d3 {[%emt 0:00:03]} Ne7 {[%emt 0:00:04]} 9. Nxd4 {[%emt 0:00:03]} cxd4 {[%emt 0:00:01]} 10. Ne2 {[%emt 0:00:02]} O-O {[%emt 0:00:07]} 11. Qe1 {[%emt 0:00:11]} d5 {[%emt 0:00:11]} 12. Bb3 {[%emt 0:00:01]} dxe4 {[%emt 0:00:11]} 13. dxe4 {[%emt 0:00:02]} d3 {[%emt 0:00:24]} 14. cxd3 {[%emt 0:00:02]} Qxd3 {[%emt 0:00:02]} 15. Nc3 {[%emt 0:00:06]} b5 {[%emt 0:00:04]} 16. Be3 {[%emt 0:00:17]} Qd6 {[%emt 0:00:14]} 17. Rd1 {[%emt 0:00:15]} Qc6 {[%emt 0:00:13]} 18. Bd4 {[%emt 0:00:09]} Bxd4+ {[%emt 0:00:17]} 19. Rxd4 {[%emt 0:00:02]} Qc5 {[%emt 0:00:01]} 20. Qf2 {[%emt 0:00:11]} Nc6 {[%emt 0:00:37]} 21. Rd2 {[%emt 0:00:08]} Qxf2+ {[%emt 0:00:10]} 22. Kxf2 {[%emt 0:00:03]} Na5 {[%emt 0:00:07]} 23. Ke3 {[%emt 0:00:06]} Bb7 {[%emt 0:00:06]} 24. Rfd1 {[%emt 0:00:05]} Rac8 {[%emt 0:00:19]} 25. Rd7 {[%emt 0:00:22]} Bc6 {[%emt 0:00:02]} 26. R7d6 {[%emt 0:00:04]} Bb7 {[%emt 0:00:04]} 27. Ne2 {[%emt 0:00:25]} Rc7 {[%emt 0:00:01]} 28. Nd4 {[%emt 0:00:09]} Nxb3 {[%emt 0:00:03]} 29. axb3 {[%emt 0:00:02]} Rfc8 {[%emt 0:00:06]} 30. Nf3 {[%emt 0:00:14]} a5 {[%emt 0:00:06]} 31. Ne5 {[%emt 0:00:08]} Kg7 {[%emt 0:00:01]} 32. g4 {[%emt 0:00:08]} Rc2 {[%emt 0:00:02]} 33. R6d2 {[%emt 0:00:03]} a4 {[%emt 0:00:03]} 34. Rxc2 {[%emt 0:00:06]} Rxc2 {[%emt 0:00:01]} 35. Rd7 {[%emt 0:00:01]} Bc8 {[%emt 0:00:04]} 36. Rxf7+ {[%emt 0:00:02]} Kg8 {[%emt 0:00:01]} 37. bxa4 {[%emt 0:00:08]} bxa4 {[%emt 0:00:03]} 38. Ra7 {[%emt 0:00:02]} Rxb2 {[%emt 0:00:01]} 39. Ra8 {[%emt 0:00:06]} Rc2 {[%emt 0:00:01]} 40. Rxa4 {[%emt 0:00:02]} Kg7 {[%emt 0:00:04]} 41. Ra7+ {[%emt 0:00:03]} Kg8 {[%emt 0:00:02]} 42. h4 {[%emt 0:00:02]} Rc3+ {[%emt 0:00:02]} 43. Kd4 {[%emt 0:00:01]} Rc1 {[%emt 0:00:01]} 44. g5 {[%emt 0:00:05]} Rc2 {[%emt 0:00:02]} 45. Ng4 {[%emt 0:00:02]} Rd2+ {[%emt 0:00:03]} 46. Ke5 {[%emt 0:00:01]} Rc2 {[%emt 0:00:04]} 47. Nf6+ {[%emt 0:00:02]} Kf8 {[%emt 0:00:01]} 48. Nxh7+ {[%emt 0:00:01]} Ke8 {[%emt 0:00:01]} 49. Nf6+ {[%emt 0:00:04]} Kd8 {[%emt 0:00:02]} 50. h5 {[%emt 0:00:05]} gxh5 {[%emt 0:00:02]} 51. g6 {[%emt 0:00:02]} Rg2 {[%emt 0:00:03]} 52. g7 {[%emt 0:00:01]} h4 {[%emt 0:00:03]} 53. g8=Q+ {[%emt 0:00:04]} 1-0

[Event "Chesscup Blitz 2020"]
[Site "Katowice"]
[Date "2020.09.12"]
[Round "11.10"]
[White "Posluszny, Tomasz"]
[Black "Faron, Rafal"]
[Result "0-1"]
[WhiteElo "2065"]
[BlackElo "2224"]
[Annotator "NA"]
[PlyCount "51"]
[EventDate "2020.09.12"]
[EventType "swiss"]
[EventCountry "POL"]
[SourceTitle "playchess.com"]
[Source "ChessBase"]
[SourceQuality "1"]
[TimeControl "180+2"]

1. d4 {[%emt 0:00:00]} d5 {[%emt 0:00:00]} 2. c4 {[%emt 0:00:00]} dxc4 {[%emt 0:00:00]} 3. e4 {[%emt 0:00:02]} Nc6 {[%emt 0:00:04]} 4. Nf3 {[%emt 0:00:05]} Bg4 {[%emt 0:00:02]} 5. d5 {[%emt 0:00:12]} Ne5 {[%emt 0:00:12]} 6. Bxc4 {[%emt 0:00:05]} Nxc4 {[%emt 0:00:43]} 7. Qa4+ {[%emt 0:00:01]} c6 {[%emt 0:00:01]} 8. Qxc4 {[%emt 0:00:12]} cxd5 {[%emt 0:00:04]} 9. Qxd5 {[%emt 0:00:14]} Qxd5 {[%emt 0:00:15]} 10. exd5 {[%emt 0:00:01]} Bxf3 {[%emt 0:00:01]} 11. gxf3 {[%emt 0:00:02]} Nf6 {[%emt 0:00:03]} 12. Nc3 {[%emt 0:00:02]} Rd8 {[%emt 0:00:01]} 13. Be3 {[%emt 0:00:04]} Nxd5 {[%emt 0:00:08]} 14. Nxd5 {[%emt 0:00:11]} Rxd5 {[%emt 0:00:01]} 15. Bxa7 {[%emt 0:00:02]} e6 {[%emt 0:00:04]} 16. Ke2 {[%emt 0:00:06]} Bc5 {[%emt 0:00:47]} 17. Bxc5 {[%emt 0:00:03]} Rxc5 18. Rac1 {[%emt 0:00:03]} Rxc1 {[%emt 0:00:02]} 19. Rxc1 {[%emt 0:00:00]} Kd7 {[%emt 0:00:01]} 20. Rd1+ {[%emt 0:00:12]} Ke7 {[%emt 0:00:02]} 21. Rd4 {[%emt 0:00:04]} Rc8 {[%emt 0:00:08]} 22. Rb4 {[%emt 0:00:07]} Rc7 {[%emt 0:00:05]} 23. Kd3 {[%emt 0:00:06]} g6 {[%emt 0:00:05]} 24. a4 {[%emt 0:00:02]} h5 {[%emt 0:00:02]} 25. Kd4 {[%emt 0:00:14]} Kf6 {[%emt 0:00:05]} 26. Rb5 0-1